[Event "Nuremberg LGA Cup 8th"]
[Site "Nuremberg"]
[Date "2011.09.09"]
[Round "3"]
[White "Ftacnik, Lubomir"]
[Black "Mihok, Oliver"]
[Result "0-1"]
[WhiteElo "2564"]
[BlackElo "2431"]
[Annotator "Gutman,L"]
[PlyCount "68"]
[EventDate "2011.09.08"]
[EventType "swiss"]
[EventRounds "7"]
[EventCountry "GER"]
[SourceTitle "CBM 144 Extra"]
[Source "ChessBase"]
[SourceDate "2011.10.28"]
[SourceVersion "1"]
[SourceVersionDate "2011.10.28"]
[SourceQuality "1"]

1. Nf3 c5 2. c4 Nc6 3. d4 cxd4 4. Nxd4 e6 5. g3 {Laut Alexander Khalifman,
Opening for White according to Kramnik, ist dieser Zug schwach.} ({Nur mittels
} 5. Nb5 $5 {kann Weiß nachweisen, dass 4...e6 nicht nur Vorteile, sondern
auch Nachteile hat, etwa nach} Nf6 6. Bf4 Bb4+ 7. N1c3 O-O 8. Bd6 {
Kramnik-Gelfand, Monaco Rapid 2000}) 5... Qb6 ({Khalifman plädiert für} 5...
Bb4+ $5) 6. Nb3 ({Alternativen sind schwächer, man sehe: I} 6. Nc2 Bc5 ({
Weniger überzeugt} 6... Ne5 7. b3 $5 Qc6 8. f3 {Dmitry Komarov}) 7. e3 Nf6 8.
Bg2 d5 9. cxd5 exd5 10. O-O Bg4 $15) ({II} 6. Nb5 Ne5 7. Bf4 a6 8. Bxe5 axb5 9.
e4 Bc5 10. Qd2 f6 11. Bf4 b4 $15 {Khalifman-Ionov, St. Petersburg 1998}) 6...
Ne5 7. e4 ({Nach} 7. Bg2 Nxc4 8. O-O d5 9. e4 dxe4 {hat Weiß nicht genug für
den Bauern,} 10. N1d2 ({Oder} 10. Qe2 Nd6 11. Nc3 f5 {Devcic-Stevic, Zagreb
2007}) 10... Nxd2 11. Bxd2 Be7 12. Be3 Qb5 13. a4 Qb4 $15) 7... Nf6 8. Qe2 Bb4+
9. Bd2 $6 ({Lubomir Ftacnik hätte sich mit Ausgleich nach} 9. Nc3 $5 d6 10. f4
Nc6 11. Be3 Bxc3+ 12. bxc3 Qc7 13. Bg2 O-O 14. c5 dxc5 15. Bxc5 Rd8 16. e5 Na5
17. Bb4 Nxb3 18. axb3 Nd5 $11 {begnügen sollte, Kramnik-Salov, Wijk aan Zee
1998.}) 9... Bxd2+ ({Minder ratsam ist} 9... a5 10. Nc3 a4 11. Nb5 Be7 {
, Gross-Kahn, Budapest 1996, wegen} 12. Be3 Bb4+ 13. Nd2 Qc6 14. a3 Ba5 15. Rc1
O-O 16. Bg2 $14) 10. N1xd2 d6 11. Bg2 ({Nach} 11. f4 Nc6 12. O-O-O O-O 13. Kb1
e5 14. f5 a5 15. g4 a4 16. Nc1 Nd4 $17 {stand Schwarz klar überlegen,
Tomashevsky-Alekseev, Moskau 2006}) 11... O-O 12. O-O a5 13. c5 ({Sowohl} 13.
Nf3 Nxf3+ 14. Bxf3 a4 15. Nc1 e5 16. Nd3 Be6 17. Rfc1 Qd4) (13. a4 {als auch}
Bd7 14. Rfc1 Rac8 $15 {kommt Schwarz zugute.}) 13... dxc5 14. Qe3 ({Eine
bessere Lösung war} 14. Nc4 Qb5 15. Nbd2 Bd7 16. a4 Qa6 17. Rfe1 Nxc4 18. Nxc4
Bc6 19. b3 Rfd8 20. Rad1 $15) 14... a4 $6 ({Stärker war} 14... Nfg4 $5 15. Qxc5
Qxc5 16. Nxc5 b6 17. Na4 Ba6 18. Rfd1 Be2 19. Re1 Bb5 20. Nxb6 Rad8 $17) 15.
Nxc5 Ra5 16. Rac1 Nfd7 17. Nxd7 Qxe3 18. fxe3 $2 ({Der entscheidende Fehler,
während} 18. Nf6+ gxf6 19. fxe3 Rb5 20. Rc2 Kg7 21. Rfc1 Bd7 22. Nf3 Nxf3+ 23.
Bxf3 Bc6 24. Rd2 Re5 25. Kg2 Bxe4 26. Bxe4 Rxe4 27. Kf3 {Weiß gute
Remischancen versprach.}) 18... Bxd7 19. Nf3 Nxf3+ 20. Bxf3 Bc6 21. Rfd1 g5 22.
Rc4 Kg7 23. Kf2 Re5 24. Bg2 Ra8 25. Rdd4 Raa5 26. Ke1 Rab5 27. Rd2 Rbc5 28.
Rxc5 Rxc5 29. Kd1 Kf6 30. Rf2+ Ke7 31. Rd2 h6 32. Bh1 a3 33. b4 Rc3 34. Rc2 Ba4
0-1

[Event "Bad Zwesten op"]
[Site "Bad Zwesten"]
[Date "2008.01.05"]
[Round "6"]
[White "Tereick, Benjamin"]
[Black "Gutman, Lev"]
[Result "0-1"]
[WhiteElo "2372"]
[BlackElo "2402"]
[Annotator "Gutman,L"]
[PlyCount "62"]
[EventDate "2008.01.02"]
[EventType "swiss"]
[EventRounds "9"]
[EventCountry "GER"]
[SourceTitle "CBM 123"]
[Source "ChessBase"]
[SourceDate "2008.04.02"]
[SourceVersion "1"]
[SourceVersionDate "2008.04.02"]
[SourceQuality "1"]

1. Nf3 c5 2. g3 b6 3. Bg2 Bb7 4. O-O Nf6 5. b3 g6 6. Bb2 Bg7 7. c4 O-O 8. d4
cxd4 9. Qxd4 d6 10. Qd2 Nbd7 11. Nc3 a6 ({Dies ist besser als} 11... Ne4 $6 12.
Nxe4 Bxb2 13. Qxb2 Bxe4 14. Rad1 Rb8 15. Rd4 $16 {mit weißem Vorteil,
Gutman-Donchenko, Höckendorf 2007.}) 12. Rac1 ({Vorsichtiger wäre} 12. Rfd1 Nc5
$11) 12... b5 $5 13. cxb5 axb5 14. Nd4 Bxg2 15. Kxg2 b4 16. Na4 Nc5 17. Qxb4
Qd7 18. Nc3 $6 ({Objektiv ist} 18. Nxc5 dxc5 19. Rxc5 Rxa2 $44 {eher
angebracht, wenn auch Schwarz genug für den Bauern hat.}) 18... Rab8 19. Ndb5 (
19. Qa5 Ng4 20. Rfd1 Qb7+ {und Schwarz dominiert das Geschehen.}) 19... Na6 $6
({Schwarz will unbedingt die weiße Dame auf die a-Linie locken, doch wäre} 
19... Nfe4 $5 20. a4 Nd2 21. Rfd1 Ndxb3 22. Rb1 Ra8 $15 {die bessere Lösung
gewesen.}) 20. Qa5 Qb7+ 21. Kg1 Nd7 22. Qa4 $6 (22. Rfd1 Rfc8 $44 {mit
unklarem Spiel.}) 22... Ndc5 23. Qf4 $6 (23. Qg4 f5 $44) 23... Qd7 24. Na3 Nb4
25. Qd2 $6 ({Notwendig war} 25. Ra1 d5 26. Rfd1 e5 $36 {mit schwarzer
Initiative.}) 25... Nxa2 26. Nxa2 Nxb3 27. Qc2 Rfc8 28. Nc3 Nxc1 29. Rxc1 Qb7
30. Ba1 Qa6 31. Qa2 Ra8 0-1

[Event "Dresden ZMD op-A 21st"]
[Site "Dresden"]
[Date "2012.08.20"]
[Round "3"]
[White "Meier, Georg"]
[Black "Danin, Alexandre"]
[Result "1-0"]
[WhiteElo "2668"]
[BlackElo "2556"]
[Annotator "Gutman,L"]
[PlyCount "75"]
[EventDate "2012.08.18"]
[EventType "swiss"]
[EventRounds "9"]
[EventCountry "GER"]
[SourceTitle "EXT 2014"]
[Source "ChessBase"]
[SourceDate "2013.11.20"]
[SourceVersion "1"]
[SourceVersionDate "2013.11.20"]
[SourceQuality "1"]

1. Nf3 Nf6 2. c4 c5 3. Nc3 g6 4. g3 b6 5. Bg2 Bb7 6. O-O Bg7 7. d4 cxd4 8. Qxd4
d6 9. Rd1 Nbd7 10. Be3 Rc8 11. Rac1 O-O 12. Qh4 a6 13. b3 Rc7 {Eine der
Lieblingstellungen von Kramnik, die er sowohl mit Weiß als mit Schwarz
gespielt hat} 14. Bh3 Qb8 15. Bg5 ({Harmlos ist} 15. Bh6 b5 16. Bxg7 Kxg7 $11 {
Salgado-Karjakin, Porto Carras 2011}) 15... Bxf3 $2 {Von Kramnik, Inf 97, als
Fehler bezeichnet.} ({Als kritisch erscheint} 15... Re8 16. Nd2 $5 ({Wenig
Probleme bereitet} 16. Nd5 Bxd5 17. cxd5 Rxc1 18. Rxc1 Qb7 19. Bxd7 Nxd7 20.
Qc4 Nc5 21. b4 b5 22. Qc2 Na4 23. Qc6 Qxc6 24. Rxc6 Nc3 $11 {Tratar-Ekeberg,
Pula 2006}) 16... Nc5 17. b4 Ncd7 18. Nf1 Ba8 19. Ne3 b5 20. Bxd7 $5 (20. Ncd5
Nxd5 21. Nxd5 Bxd5 22. cxd5 Nb6 $11 {ergab Ausgleich in Eljanov-Sasikiran,
Hangzhou 2011}) 20... Rxd7 21. Ncd5 Nxd5 22. Nxd5 bxc4 23. Qxc4 Qb7 24. f3 $14
{mit etwas Plus für Weiß.}) 16. exf3 b5 17. Bxd7 Rxd7 18. Nd5 bxc4 $2 ({
Das kleinere Übel wäre} 18... Nxd5 19. cxd5 Rc7 20. Rc6 Rxc6 21. dxc6 Rc8 22.
Rc1 $14 {Kramnik-Aronian, Turin Olympiade 2006}) 19. Bxf6 Bxf6 20. Qxf6 $1 exf6
21. Nxf6+ Kg7 22. Nxd7 Qb7 23. Nxf8 cxb3 24. Nxg6 ({Kramnik gibt} 24. axb3 Kxf8
25. Rxd6 Qxb3 26. Kg2 Qa3 27. Rc8+ Kg7 28. Rb6 $18 {mit Gewinn an.}) 24... hxg6
({Keine Rettung versprach} 24... b2 25. Rb1 hxg6 26. Kg2 g5 27. h3 f5 28. g4)
25. axb3 Qxb3 26. Rxd6 Qa3 27. Rdc6 Qxf3 28. Rxa6 g5 29. Rd6 g4 ({Oder} 29...
Qa3 30. Rcd1 g4 31. R6d4) 30. Rc4 Qe2 31. Rf4 f5 32. Kg2 Qe5 33. Rd7+ Kg6 34.
h4 Qb5 35. Rd6+ Kh5 36. Rd8 Qb7+ 37. Kh2 Qf7 38. Ra8 {Wissen ist Macht!} 1-0

[Event "EU-chT (Men) 11th"]
[Site "Pula"]
[Date "1997.05.??"]
[Round "4.1"]
[White "Kengis, Edvins"]
[Black "Andersson, Ulf"]
[Result "1-0"]
[WhiteElo "2585"]
[BlackElo "2655"]
[Annotator "Hazai,L"]
[PlyCount "65"]
[EventDate "1997.05.05"]
[EventType "team-swiss"]
[EventRounds "9"]
[EventCountry "CRO"]
[SourceTitle "CBM 057 Extra"]
[Source "ChessBase"]
[SourceDate "1997.05.01"]
[SourceVersion "1"]
[SourceVersionDate "1997.05.01"]
[SourceQuality "1"]
[WhiteTeam "Latvia"]
[BlackTeam "Sweden"]
[WhiteTeamCountry "LAT"]
[BlackTeamCountry "SWE"]

1. Nf3 {Huzman} Nf6 2. g3 c5 3. Bg2 g6 4. c4 Bg7 5. d4 cxd4 6. Nxd4 d5 7. Nc2
dxc4 $6 {To grab the P is rather dangerous for Black, since it is not so easy
for him to finish development.} (7... e6 $5 {Bareev}) (7... Qa5+ $2 8. b4 Qc7
9. cxd5 Ng4 10. O-O Bxa1 11. Nxa1 O-O 12. Nb3 Nd7 13. Qd4 Ngf6 14. Bb2 $16 {
Bareev-Shirov, Biel 1991}) 8. Qxd8+ Kxd8 9. O-O (9. Ne3 {Huzman} Nc6 10. Nxc4
Be6 11. Nba3 $14) 9... Nc6 (9... Nbd7 {Huzman} 10. Rd1 Ke8 11. Nba3 Nb6 12. Nb5
$16) 10. Rd1+ Kc7 11. Nba3 {White has more than enough compensation for the
pawn because of the vulnerab- le black K.} Bg4 $2 {This move is overoptimistic
[#]} (11... Be6 {was more persistant} 12. Bf4+ Kc8 (12... Kb6 {Huzman} 13. Bxc6
(13. Ne3 Na5) 13... bxc6 14. Ne3 $36) 13. Ne3 Nh5 14. Nexc4 Nxf4 15. gxf4 $14)
12. Bxc6 $1 Kxc6 (12... bxc6 13. Bf4+ (13. f3 {Huzman} Be6 14. Nd4 $16) 13...
Kb7 14. f3 Be6 (14... Bf5 15. e4 Be6 16. Nd4 c3 17. bxc3 $16) 15. Nd4 Nd5 16.
Nxe6 fxe6 17. Nxc4 Nxf4 18. gxf4 $16) 13. Nxc4 Rad8 (13... Bxe2 14. Ne5+ $1 (
14. Nd4+ Kc5 15. Nxe2 Kxc4 16. Be3 Rhd8 17. Rac1+ Kb5 18. Nd4+ Ka6 19. Rd3 $40)
14... Kc7 (14... Kb6 {Huzman} 15. Re1 $36) 15. Re1 Bb5 16. Nxf7 $16) (13... Nd7
{Huzman} 14. f3 Be6 15. Nd4+ Bxd4+ 16. Rxd4 $36 {[%csl Rc6]}) 14. Ne5+ Kb6 $6 (
14... Kc7 15. Bf4 $16) (14... Kc7 {Huzman}) 15. Be3+ Ka6 16. Nb4+ $1 Kb5 17.
Ned3 $1 Bxe2 18. a4+ Ka5 {[#]} 19. Nc6+ $1 $18 {exploiting the weak position
of the K.} bxc6 20. b4+ Ka6 21. Nc5+ Kb6 22. Rxd8 Rxd8 23. Ne6+ Kb7 24. Nxd8+
Kc7 25. Re1 $1 (25. Nxf7 Bc4) 25... Kxd8 (25... Bc4 26. Rc1 Bd5 27. Nxc6) 26.
Rxe2 Nd5 27. Bxa7 Nxb4 28. Bc5 Na6 29. Bxe7+ Kd7 30. Bg5 Bf8 31. Rd2+ Ke6 32.
Rd8 Bd6 33. Bf4 1-0

[Event "Skopje op 18th"]
[Site "Skopje"]
[Date "2002.01.15"]
[Round "1"]
[White "Kurajica, Bojan"]
[Black "Organdziev, Oliver"]
[Result "1-0"]
[WhiteElo "2539"]
[BlackElo "2340"]
[Annotator "Hecht,H"]
[PlyCount "115"]
[EventDate "2002.01.15"]
[EventType "swiss"]
[EventRounds "9"]
[EventCountry "MKD"]
[SourceTitle "CBM 088"]
[Source "ChessBase"]
[SourceDate "2002.03.21"]
[SourceVersion "1"]
[SourceVersionDate "2002.03.21"]
[SourceQuality "1"]

1. c4 c5 2. g3 Nc6 3. Bg2 g6 4. Nf3 Nd4 5. Nxd4 cxd4 6. b3 Bg7 7. Bb2 Nh6 8. e3
O-O 9. Bxd4 Bxd4 10. exd4 Nf5 11. d5 b5 12. d3 Bb7 13. O-O e6 14. Qd2 Nd4 15.
Nc3 exd5 16. Nxb5 Nxb5 17. cxb5 Qb6 18. a4 d4 19. Bxb7 Qxb7 20. Qb4 a6 21. Qxd4
axb5 22. a5 b4 23. Rfe1 Rfc8 24. Re4 Qb5 25. Qxb4 Qxd3 26. Re3 Qf5 27. Qe1 d5
28. Re5 Qc2 29. b4 d4 30. Rd1 Rd8 31. Rc5 Qb3 32. Rb1 Qa2 33. Ra1 Qb2 34. Qb1
Qe2 35. Rc2 Qb5 36. Rc5 Qe2 37. Ra2 Qf3 38. Rd2 Rab8 39. Rc4 d3 40. h4 Qd5 41.
Qc1 Re8 42. Rd1 Rbd8 43. Rd2 Re2 44. Rc8 Re1+ 45. Qxe1 Rxc8 {[#] Weiß
kombiniert die Stärke des Randfreibauern mit Königsangriff} 46. a6 Qc4 47. Qd1
Qxb4 $6 (47... Rd8 $6 48. a7 Ra8 49. Rxd3 Rxa7 50. Rd4 {[%csl Ra7][%cal Yd4d8,
Yd1d4,Rd4g7]} Qc3 (50... Qc7 51. Rd8+ Kg7 52. Qd4+ $18) (50... Qe6 51. Rd8+ Kg7
52. Qd4+ Qf6 53. Rg8+ $18) 51. Qd2 Qc7 52. Rd8+ Kg7 53. h5 $18) (47... Qxa6
$142 48. Rxd3 Qb6 {Weiß kann seine Steine hier nicht so aggressiv aufstellen
wie in Verbindung mit dem Ba6}) 48. Rxd3 {[%cal Rd3d8]} Qa5 49. Rd6 Re8 50. Kg2
Ra8 51. Qd3 (51. Qd4 $1 h5 (51... Qc7 52. Qd5 Ra7 53. Rd8+ Kg7 54. Ra8 $1 $18)
52. Qb6 Qa4 53. Rd8+ Rxd8 54. Qxd8+ Kh7 55. Qa8 $18 {[%cal Ya8b7,Ya6a7,Ya7a8]})
51... h5 52. Qc4 {[%csl Rg6]} Qf5 (52... Kg7 53. Rd7 {[%csl Rf7][%cal Ya6a7]})
53. Qc6 {[%cal Rc6a8,Gc6f3]} Ra7 (53... Rc8 54. Qd5 $18) 54. Rd8+ Kg7 55. Qe8 (
{stark auch} 55. Qc3+ f6 (55... Qf6 56. Rg8+) 56. Qd4 $18 {nebst a7}) ({
technisch gewinnt} 55. Ra8 Qd7 (55... Rxa8 56. Qxa8 g5 57. a7 gxh4 58. Qc6 h3+
59. Kg1 h2+ 60. Kg2 $18) 56. Qc3+ f6 57. Rxa7 Qxa7 58. Qc6 $18 {[%cal Rc6b7]})
55... Kf6 56. Qh8+ Ke6 (56... Ke7 57. Qf8+ Kf6 58. Rd6+ Ke5 59. f4+ $18) 57.
Qd4 $1 {[%cal Rd4d6,Rd4a7,Rd8e8]} Rxa6 (57... Qa5 58. Re8+ Re7 59. Qe4+ $18)
58. Re8# 1-0

[Event "RUS-Cup03 Geller Memorial"]
[Site "Moscow"]
[Date "1999.02.07"]
[Round "6"]
[White "Iskusnyh, Sergei"]
[Black "Fokin, Sergey"]
[Result "1-0"]
[WhiteElo "2486"]
[BlackElo "2390"]
[Annotator "Hecht,H"]
[PlyCount "119"]
[EventDate "1999.02.10"]
[EventType "swiss"]
[EventRounds "9"]
[EventCountry "RUS"]
[SourceTitle "CBM 070"]
[Source "ChessBase"]
[SourceDate "1999.06.08"]
[SourceVersion "1"]
[SourceVersionDate "1999.06.08"]
[SourceQuality "1"]

1. Nf3 c5 2. c4 Nf6 3. Nc3 e6 4. g3 b6 5. Bg2 Bb7 6. O-O Be7 7. Re1 O-O 8. e4
d6 9. d4 cxd4 10. Nxd4 Qc8 11. Be3 a6 12. Rc1 Nbd7 13. f4 g6 14. f5 gxf5 15.
exf5 Bxg2 16. fxe6 fxe6 17. Kxg2 Ne5 18. Bf4 Qb7+ 19. Kg1 Rf7 20. Bxe5 dxe5 21.
Nxe6 Qc6 22. Rxe5 Re8 23. Qd4 Nd7 24. Re4 Bf6 25. Qd5 Qxd5 26. cxd5 Bxc3 27.
Rxc3 Nf6 28. Re5 Nxd5 29. Rxd5 Rxe6 30. Rg5+ Kf8 31. Rc8+ Ke7 32. Rc7+ Kf6 33.
Rxf7+ Kxf7 {[#] 4-3 Bauern 1. Lavieren 2. Voranbringen der KFL-Bauern 3.
Abklemmen des sK 4. Fixieren der schwarzen Bauern am   Damenflügel 5. Schwarz
ist gelähmt 1-0} 34. Kf2 Rc6 35. Re5 Kf6 36. Re2 Kf5 37. Kf3 b5 (37... h5 $142
{um das raumgreifende Vorgehen von Weiß am Königsflügel unter Bauerntausch zu
dämpfen.}) 38. g4+ Kg5 39. Kg3 Rd6 40. h4+ Kg6 41. Kf3 Kf6 42. Ke4 Re6+ 43. Kd3
Rd6+ 44. Ke4 Re6+ 45. Kf3 Rd6 46. Ke4 Re6+ 47. Kf3 Rd6 48. Rc2 Re6 49. Kf4 Rd6
50. Ke4 Re6+ 51. Kf4 Rd6 52. g5+ Kf7 53. Rc7+ Kg8 (53... Kg6 54. h5+ Kxh5 55.
Rxh7+ Kg6 56. Rh6+ $18) 54. Kg4 Rd4+ 55. Kh5 Rd6 56. Ra7 Rc6 57. a3 Rd6 58. b3
Re6 59. a4 b4 (59... bxa4 60. bxa4 Rc6 61. a5 Rd6 62. Rb7 Rd5 63. Rb6 Rxa5 64.
Rb8+ Kg7 65. Rb7+ Kg8 66. Kh6 $18) 60. a5 {[%cal Ra7b7,Rb7b6]} 1-0

[Event "Guillermo Garcia Memorial-A 06th"]
[Site "Santa Clara"]
[Date "1998.06.03"]
[Round "9"]
[White "Nogueiras Santiago, Jesus"]
[Black "Vasquez Schroder, Rodrigo Rafael"]
[Result "1/2-1/2"]
[WhiteElo "2520"]
[BlackElo "2485"]
[Annotator "Hecht,H"]
[PlyCount "93"]
[EventDate "1998.05.24"]
[EventType "tourn"]
[EventRounds "13"]
[EventCountry "CUB"]
[EventCategory "9"]
[SourceTitle "CBM 066"]
[Source "ChessBase"]
[SourceDate "1998.09.30"]
[SourceVersion "1"]
[SourceVersionDate "1998.09.30"]
[SourceQuality "1"]

1. Nf3 c5 2. c4 Nf6 3. Nc3 b6 4. g3 Bb7 5. Bg2 e6 6. O-O d6 7. d4 cxd4 8. Qxd4
a6 9. Bg5 Nbd7 10. Nd2 Bxg2 11. Kxg2 Be7 12. Nde4 Qc7 13. Rfd1 O-O 14. Nxf6+
Nxf6 15. Ne4 Nxe4 16. Bxe7 Qxe7 17. Qxe4 Rac8 18. Rd4 Rfd8 19. Rad1 b5 20. cxb5
axb5 21. Qd3 d5 22. Qb3 h6 23. Rb4 Rc5 24. Rxb5 Rxb5 25. Qxb5 Qa7 26. b4 Rb8
27. Qa5 Qxa5 28. bxa5 Rb5 29. a4 Rxa5 30. Ra1 {[#] Weiß hat seinen Freibauern
mit dem Turm von h i n t e n decken können, scheitert in der Folge aber an der
Präsenz des schwarzen Königs im Zentrum.} Kf8 31. Kf3 Ke7 32. Ke3 Kd6 33. Kd3
Ra7 34. a5 Ra6 35. e4 Kc5 36. exd5 Kxd5 37. h4 h5 38. Ke3 Ke5 39. Kf3 Kf5 40.
Ra2 f6 41. Ra4 g6 42. Ke3 Ke5 43. f3 Kd5 44. g4 Kc5 45. g5 fxg5 46. hxg5 Kd5 $1
{Bleibt standhaft!} (46... Kb5 $6 47. Rf4 Kxa5 48. Rf6 e5 49. Ke4 h4 50. Kxe5
h3 $2 (50... Rxf6 51. gxf6 h3 52. f7 h2 53. f8=Q h1=Q $14) 51. Rf4 $1 $18 {
[%cal Rf4h4,Rh4h3]}) 47. Rf4 1/2-1/2

[Event "Hoogovens op"]
[Site "Wijk aan Zee"]
[Date "1995.01.??"]
[Round "6"]
[White "Cifuentes Parada, Roberto"]
[Black "Van der Werf, Mark"]
[Result "1-0"]
[WhiteElo "2535"]
[BlackElo "2415"]
[Annotator "Hecht,H"]
[PlyCount "147"]
[EventDate "1995.01.??"]
[EventType "swiss"]
[EventRounds "12"]
[EventCountry "NED"]
[SourceTitle "CBM 046"]
[Source "ChessBase"]
[SourceDate "1995.06.01"]
[SourceVersion "1"]
[SourceVersionDate "1995.06.01"]
[SourceQuality "1"]

1. c4 e6 2. Nf3 Nf6 3. g3 b6 4. Bg2 Bb7 5. O-O c5 6. Nc3 Be7 7. d4 cxd4 8. Qxd4
d6 9. Bg5 a6 10. Bxf6 Bxf6 11. Qf4 O-O 12. Rfd1 Be7 13. Ne4 Bxe4 14. Qxe4 Ra7
15. Nd4 Qc8 16. b3 Re8 17. Rac1 Rc7 18. Qb1 Rc5 19. e3 Rd8 20. a4 a5 21. Rc2
Nd7 22. Rcd2 Nf6 23. e4 Ne8 24. Qd3 g6 25. Qe2 Nc7 26. Nc2 Re8 27. Ne3 Rf8 28.
h3 Qe8 29. Kh2 f5 30. f4 Qf7 31. exf5 gxf5 32. Rxd6 Bxd6 33. Rxd6 Ne8 34. Rxb6
Ng7 35. Nc2 Rd8 36. Qe3 Rc7 37. Nd4 Rcd7 38. Nc6 Qf6 39. Nxd8 Rxd8 40. Qe5 Qxe5
41. fxe5 Rd2 42. c5 Rc2 43. c6 Kf7 44. Rb7+ Kg6 45. Re7 f4 46. gxf4 Nh5 47. c7
Nxf4 48. c8=Q Rxc8 49. Be4+ Kg5 50. Rxh7 Nd5 51. Bxd5 exd5 52. Rd7 Rc2+ 53. Kg1
Rc3 54. Rxd5 Rxh3 55. Rxa5 Rxb3 56. Rb5 $18 {Weiss muss nur noch seinen Kg1
annähern.} Re3 (56... Rxb5 57. axb5 Kf5 58. b6 Ke6 59. b7 Kd7 60. e6+ Kc7 61.
e7 $18) 57. Kf2 Re4 58. a5 Kf4 59. Rc5 Kg4 60. Rd5 (60. a6 Ra4 61. Rc6) 60...
Kf4 61. Rb5 Kf5 62. Kf3 Re1 63. Rc5 Kg5 64. a6 Ra1 65. Rc6 Kf5 66. e6 Kf6 67.
Ke2 Ke7 68. Kd2 Rb1 69. Kc2 Rb4 70. Kc3 Ra4 71. Kb3 Rh4 72. a7 Rh8 73. Kb4 Ra8
74. Ra6 1-0

[Event "RUS-ch KO"]
[Site "Moscow"]
[Date "1999.12.16"]
[Round "1.2"]
[White "Korobov, Anton"]
[Black "Makarov, Marat"]
[Result "1-0"]
[WhiteElo "2336"]
[BlackElo "2527"]
[Annotator "Hecht,H"]
[PlyCount "95"]
[EventDate "1999.12.04"]
[EventType "k.o."]
[EventRounds "6"]
[EventCountry "RUS"]
[SourceTitle "CBM 075"]
[Source "ChessBase"]
[SourceDate "2000.04.05"]
[SourceVersion "1"]
[SourceVersionDate "2000.04.05"]
[SourceQuality "1"]

1. c4 c5 2. Nf3 Nf6 3. Nc3 e6 4. g3 b6 5. Bg2 Bb7 6. O-O Be7 7. Re1 d6 8. e4 e5
9. Nh4 Nc6 10. d3 Nd4 11. Nf5 Nxf5 12. exf5 Bxg2 13. Kxg2 h6 14. f4 exf4 15.
Bxf4 O-O 16. d4 Re8 17. d5 Qd7 18. g4 Bf8 19. Qf3 a6 20. a4 Rxe1 21. Rxe1 Re8
22. Rf1 Nh7 23. Bg3 Be7 24. Qf4 Rd8 25. h4 Bf6 26. Ne4 Be5 27. Qf3 Bxg3 28.
Kxg3 Qxa4 29. g5 Qe8 30. gxh6 Qe5+ 31. Qf4 Nf6 32. Qxe5 dxe5 33. Kf3 {[#]
Aktive weiße Figuren mit gedecktem Freibauer und Drohungen auf der g-Linie.
Raumvorteil!} Ne8 (33... Nxe4 34. Kxe4 gxh6 35. Kxe5 Kf8 36. d6 $18) 34. Rg1
Kh8 35. hxg7+ Nxg7 36. f6 (36. Rg5 $142 {[%cal Rf5f6]} f6 (36... Ne8 37. f6 Nd6
38. Nxd6 Rxd6 39. Rf5 b5 40. Ke4 bxc4 41. Kxe5 Rb6 42. Rf2 Rb3 43. Kd6 $1 $18)
37. Nxf6 Rf8 38. Nd7 Rxf5+ 39. Rxf5 Nxf5 40. Nxb6 Nd6 41. b3 a5 (41... Kg7 42.
Nd7 Nb7 43. Ke4 $18) 42. Na4 Nb7 43. Ke4 $18) 36... Nf5 37. h5 b5 38. Nxc5 (38.
Ng5 $5 Nd6 39. b4 Rc8 40. bxc5 Rxc5 41. Ra1 Rxc4 42. Rxa6 Rf4+ 43. Ke2 Rxf6 44.
Rxd6 $1 $18) 38... Nd6 39. cxb5 Nxb5 40. Ke4 Re8 41. Ne6 $1 (41. Nb7 $5 Rb8 42.
Na5 Re8 43. Nc4 Rc8 44. Nxe5 Nd6+ 45. Kd4 $18) 41... Nd6+ (41... fxe6 42. dxe6
Rxe6 43. f7 Nd6+ 44. Kd5 Rf6 45. Rg8+ $18) 42. Kxe5 Nc4+ 43. Kd4 Nd6 44. Ng5 $1
(44. Nc7 $5) 44... Rc8 45. Ke5 Nc4+ 46. Kf4 Nd6 47. Ra1 Ra8 48. Ke5 1-0

[Event "Moscow Aeroflot op"]
[Site "Moscow"]
[Date "2002.02.09"]
[Round "8"]
[White "Smirin, Ilia"]
[Black "Poluljahov, Aleksandr"]
[Result "0-1"]
[WhiteElo "2702"]
[BlackElo "2527"]
[Annotator "Hecht,H"]
[PlyCount "108"]
[EventDate "2002.02.04"]
[EventType "swiss"]
[EventRounds "9"]
[EventCountry "RUS"]
[SourceTitle "CBM 088"]
[Source "ChessBase"]
[SourceDate "2002.03.21"]
[SourceVersion "1"]
[SourceVersionDate "2002.03.21"]
[SourceQuality "1"]

1. c4 Nf6 2. Nc3 c5 3. Nf3 e6 4. g3 b6 5. Bg2 Bb7 6. O-O d6 7. Re1 Be7 8. e4 a6
9. d4 cxd4 10. Nxd4 Qc7 11. Be3 O-O 12. Rc1 Re8 13. g4 Bf8 14. g5 Nfd7 15. f4
Nc6 16. Nde2 Rac8 17. Ng3 Qb8 18. h4 Ba8 19. Qe2 Na7 20. h5 g6 21. h6 b5 22.
cxb5 Nxb5 23. Nxb5 axb5 24. Qd2 Rcd8 25. Red1 Rc8 26. Rxc8 Rxc8 27. Rc1 Rxc1+
28. Qxc1 Bb7 29. Bf1 Ba8 30. Bg2 Bb7 31. Qc3 Qa8 32. b4 Bc6 33. a3 e5 34. Bh3
Qb7 35. Bxd7 Qxd7 36. fxe5 d5 37. Bc5 dxe4 38. Bxf8 Kxf8 {[#] Remisstellung
wird durch groben Fehler im Zug 49 weggeworfen.} 39. Kf2 Bb7 40. Qc5+ Ke8 41.
Ne2 Qd3 42. Qb6 Qf3+ 43. Ke1 e3 44. Qxb5+ Bc6 45. Qb8+ Ke7 46. Qd6+ Ke8 47.
Qb8+ Kd7 48. e6+ fxe6 49. Qf4 $2 {Danach dominieren Dame und Läufer, die zu
großer Form auflaufen} (49. Qa7+ Bb7 50. Qd4+ $11) 49... Qh1+ 50. Qf1 Qh4+ 51.
Kd1 Ba4+ 52. Kc1 Qc4+ 53. Kb2 Qb3+ 54. Ka1 Qxa3+ (54... Qxa3+ 55. Kb1 Qxb4+ 56.
Ka1 (56. Kc1 Qd2+ 57. Kb1 Bc2+ 58. Ka1 Bb3 59. Qf7+ Kc6 60. Qe8+ Kc7 61. Qe7+
Kb6 {[%csl Gb4,Gd6,Gd8]} 62. Qa3 Qd1+ 63. Nc1 e2 $19) 56... Bb5 $19) 0-1